Derniers jeux Super Nintendo - Mort subite - Statistiques

Statistiques générales
  • Ce quiz a été pris 36 fois
  • Le résultat moyen est 3 sur 6
Answers on the Grid
Answers color-coded by a green-red scale on the quiz's grid according to % correct below.
Super Mario World
Harvest Moon
F-Zero
Kirby's Dream Land 3
Street Fighter II: The World Warrior
Bahamut Lagoon
Donkey Kong Country 3: Dixie Kong's Double Trouble!
ActRaiser
Lucky Luke
Starwing / Starfox
The Legend of Zelda: A Link to the Past
Dragon Ball Z: Hyper Dimension
 
Statistiques - réponses
Réponse % Correct
Aout 96 (Japon), juin 97 (USA), janvier 98 (Europe) Harvest Moon
70%
Novembre 96 (Japon et USA), décembre 96 (Europe) Donkey Kong Country 3: Dixie Kong's Double Trouble!
65%
Février 96 (Japon) Bahamut Lagoon
55%
Mars 96 (Japon), fin 96 (France), février 97 (Espagne) Dragon Ball Z: Hyper Dimension
55%
Novembre 97 (USA), Mars 98 (Japon) Kirby's Dream Land 3
50%
97 (Europe) Lucky Luke
40%
Aucun quiz correspondant
Distribution des résultats
% des personnes avec chaque résultat
Percentile par nombre de réponses
Votre historique - résultats
Vous n’avez pas pris ce quiz